Начинайте действовать, чтобы остановить диоксиновое загрязнение (Запись № 238359)

Подробности
000 -МАРКЕР
контрольное поле 01944nam0a2200337 4500
001 - ИДЕНТИФИКАТОР ЗАПИСИ
контрольное поле RU\NLR\bibl\46227
005 - ИДЕНТИФИКАТОР ВЕРСИИ
контрольное поле 20260407044022.0
021 ## - НОМЕР ГОСУДАРСТВЕННОЙ РЕГИСТРАЦИИ
Код страны Российская Федерация
Номер 98-42610
Номер Листа государственной регистраци 2046
035 ## - ДРУГИЕ СИСТЕМНЫЕ НОМЕРА
Идентификатор записи (NLR Aleph) 000045082
100 ## - ДАННЫЕ ОБЩЕЙ ОБРАБОТКИ
Данные общей обработки 19990907d1998 |||y0rusy50 ca
101 1# - ЯЗЫК РЕСУРСА
Язык текста, звукозаписи и т.д. русский
Язык оригинала английский
102 ## - СТРАНА ПУБЛИКАЦИИ ИЛИ ПРОИЗВОДСТВА
Страна публикации Российская Федерация
105 ## - ПОЛЕ КОДИРОВАННЫХ ДАННЫХ: ТЕКСТОВЫЕ МАТЕРИАЛЫ, МОНОГРАФИЧЕСКИЕ
Кодированные данные о монографическом текстовом документе y |||||||||
200 1# - ЗАГЛАВИЕ И СВЕДЕНИЯ ОБ ОТВЕТСТВЕННОСТИ
Основное заглавие Начинайте действовать, чтобы остановить диоксиновое загрязнение
Сведения, относящиеся к заглавию Стратегия, рекоменд. III гражд. конф. по диоксинам
Первые сведения об ответственности [Науч. ред.-д.х.н. Б.А. Руденко
Последующие сведения об ответственности Пер. с англ. - к.б.н. Е.Ю. Марков]
210 ## - ПУБЛИКАЦИЯ, РАСПРОСТРАНЕНИЕ И ДР.
Место издания, распространения и т.д. Иркутск
Имя издателя, распространителя и т. д. Байкал. Экол. Волна
Дата издания, распространения и т.д. 1998
215 ## - ФИЗИЧЕСКАЯ ХАРАКТЕРИСТИКА
Специфическое обозначение материала и объем 184 с.
Размеры 20
300 ## - ОБЩИЕ ПРИМЕЧАНИЯ
Текст примечания Загл. ориг.: Taking action to stop dioxin exposure: Strategy recommendations from the 3rd Citizens' conf. on dioxin a. other synthetic hormone disruptors
320 ## - ПРИМЕЧАНИЯ О НАЛИЧИИ В ДОКУМЕНТЕ БИБЛИОГРАФИИ / УКАЗАТЕЛЯ
Текст примечания Библиогр.: с.10, 168-169
454 #0 - ОРИГИНАЛ (ПЕРЕВОДА)
Встроенное поле 2001#$aTaking action to stop dioxin exposure$eStrategy recommendations from the 3rd Citizens' conf. on dioxin a. other synthetic hormone disruptors
Заглавие Taking action to stop dioxin exposure
606 0# - НАИМЕНОВАНИЕ ТЕМЫ КАК ПРЕДМЕТ
Наименование темы Окружающая среда
Тематический подзаголовок Загрязнение диоксинами
-- Санитарно-просветительная работа
Системный номер авторитетной/нормативной записи 2109846
Идентификатор авторитетной/нормативной записи RU\NLR\auth\661275192
686 ## - ИНДЕКСЫ ДРУГИХ КЛАССИФИКАЦИЙ
Индекс Р121.102.6
686 ## - ИНДЕКСЫ ДРУГИХ КЛАССИФИКАЦИЙ
Индекс Р11(2)592.1
702 #1 - ИМЯ ЛИЦА - ВТОРИЧНАЯ ОТВЕТСТВЕННОСТЬ
Код отношения Редактор
Материалы, к которым относится поле rus
Графика поля Кириллица
Начальный элемент ввода Руденко
Часть имени, кроме начального элемента ввода Б. А.
Дополнения к именам, кроме дат д-р хим. наук
Даты 1932-
Расширение инициалов личного имени Борис Антонович
Идентификатор авторитетной/нормативной записи RU\NLR\auth\7737390
Системный номер авторитетной/нормативной записи 20379
711 12 - НАИМЕНОВАНИЕ ОРГАНИЗАЦИИ - АЛЬТЕРНАТИВНАЯ ОТВЕТСТВЕННОСТЬ
Код отношения Автор
Начальный элемент ввода "Время действовать", гражданская конференция по диоксинам
Порядковый номер временной организации и / или порядковый номер ее части 3
Дата проведения временной организации 1996
Место проведения временной организации Батон Руж, США
Идентификатор авторитетной/нормативной записи RU\NLR\AUTH\8810016553
Системный номер авторитетной/нормативной записи 530967
801 #0 - ИСТОЧНИК ЗАПИСИ
Страна Российская Федерация
Организация NLR
Дата составления 19990907
Правила каталогизации PSBO
801 #1 - ИСТОЧНИК ЗАПИСИ
Страна Российская Федерация
Организация NLR
Дата составления 19990907
852 ## - МЕСТОНАХОЖДЕНИЕ И ШИФР ХРАНЕНИЯ
Идентификатор организации NLR
Шифр хранения (Call Number) 99-3/10135
942 ## - ДОПОЛНИТЕЛЬНЫЕ ЭЛЕМЕНТЫ ЗАПИСИ (АБИС)
Тип экземпляра АБИС Книга
980 ## - КОЛЛЕКЦИЯ
Название коллекции Национальная библиография
Экземпляры
Тип экземпляра Дата поступления Библиотека постоянного хранения Библиотека текущего хранения Место хранения Шифр хранения Штрих-код Статус экземпляра
Книга 26.10.2013 РНБ (Московский) РНБ (Московский) Русский книжный фонд: издания с 1957 года 99-3/10135 1-561937